000 00414nam a22001337a 4500
008 230322b |||||||| |||| 00| 0 eng d
020 _a0349131325.
050 _aHB171.384 1974.
100 _aSchumacher.E.F.
_951692
245 _aSmall is beautiful;
_ba study of economics as if people mattered,
_cE.F.Schumacher
260 _aGreat Britain:
_bAbacus,
_c1974.
300 _a255p;
_c20cm.
942 _2lcc
_cMONOGRAPH
999 _c131697
_d131697